| 000 | 00528nam a2200169 a 4500 | ||
|---|---|---|---|
| 001 | 000044210 | ||
| 005 | 20201002045222.0 | ||
| 008 | 140609s2010 dr 000 0 spa d | ||
| 020 | _a9789945460544 | ||
| 040 |
_aDO-SdBNP _bspa _cBNPHU |
||
| 082 |
_axxxxxx _bxxxxxxx |
||
| 100 | 1 |
_aGautier, Manuel Salvador _914947 |
|
| 245 | 1 | 0 |
_aGautier visto por Gautier / _cManuel Salvador Gautier. |
| 260 |
_aSanto Domingo : _bSantuario, _c2010. |
||
| 300 |
_a173 p. ; _c23 cm. |
||
| 500 | _aIncluye datos biográficos del autor en las solapas | ||
| 999 |
_c43699 _d43699 |
||